EA FC26 All Gold Denmark Players - Statistics

General Stats
  • This quiz has been taken 29 times
  • The average score is 15 of 33
Answer Stats
Rate Club Answer % Correct
79 Frankfurt Rasmus Kristensen
91%
80 Brentford Mikkel Damsgaard
83%
82 Marseille Pierre Hojbjerg
74%
80 Arsenal Christian Norgaard
70%
79 Celtic Kasper Schmeichel
70%
78 Wolfsburg Joakim Maehle
65%
80 Barcelona Andreas Christensen
61%
78 Fulham Joachim Andersen
61%
83 Sporting Morten Hjulmand
61%
77 Chelsea Filip Jorgensen
57%
78 Benfica Alexander Bah
52%
80 Union Berlin Fredrik Ronnow
52%
78 Wolfsburg Jonas Wind
52%
77 Brentford Mathias Jensen
52%
78 Monaco Mika Biereth
48%
76 Napoli Rasmus Hojlund
48%
75 Leicester City Victor Kristiansen
48%
77 Wolfsburg Andreas Skov Olsen
43%
76 Lazio Gustav Isaksen
43%
77 Ajax Kasper Dolberg
43%
76 West Ham Mads Hermansen
39%
75 Wolfsburg Jesper Lindstrom
35%
76 Genoa Morten Frendrup
30%
75 Copenhagen Thomas Delaney
30%
77 San Diego FC Anders Dreyer
26%
78 Werder Bremen Jens Stage
26%
78 Marseille Matt O'Riley
26%
75 Midtjylland Philip Billing
26%
76 Bologna Jens Odgaard
17%
76 Toulouse Rasmus Nicolaisen
13%
75 Sparta Prague Peter Vindahl
9%
75 Hellas Verona Victor Nelsson
9%
75 Chicago Fire Philip Zinckernagel
4%
No matching quizzes found
Score Distribution
Percent of People with Each Score
Percentile by Number Answered
Your Score History
You have not taken this quiz